00976nam a2200181Ia 4500008004100000020002200041050002100063100003100084245009200115260004400207300001400251500002600265505026300291650007900554700003400633952011000667999001700777121028s9999 xx 000 0 und d a978-607-7799-06-1 aKGF2569 B45 2010 aBenavente Chorres, Hesbert aEstrategias para el desahogo de la prueba en el juicio oral / Hesbert Benavente Chorres aMéxico : Flores editor y distribuidor aix, 430p. aBibliografía p. 423 a1. El juicio oral en el proceso acusatorio con tendencia a lo adversarial 2. La teoría del caso como orientación a las partes para su estrategia de investigación y para el desahogo de las pruebas 3. El abogado investigador 4. Estrategias para el desaho aDerecho procesal-Mex. 2Juicios orales-Méx. 3Acción y defensa (derecho) aBenavente Chorres, HesbertÌ 00104070a14b14d2012-06-01l2oKGF2569 B45 2010p14 004451r2014-12-15s2014-12-10t1w2012-10-28yLB c86151d86151